[Event "NÖ– Landesliga 2016/2017"]
[Site "?"]
[Date "2017.01.29"]
[Round "6.2"]
[White "Kleiser, Gregor"]
[Black "Ehs, Dominik"]
[Result "1-0"]
[WhiteElo "2232"]
[BlackElo "2092"]
[PlyCount "67"]
[EventDate "2017.??.??"]

1. d4 Nf6 2. c4 g6 3. Nc3 Bg7 4. e4 d6 5. Nf3 O-O 6. Be2 e5 7. O-O a5 8. Rb1
Nfd7 9. a3 Na6 10. b4 exd4 11. Nxd4 axb4 12. axb4 Nxb4 13. Rxb4 Bxd4 14. Qxd4
c5 15. Qxd6 cxb4 16. Qxb4 Qb6 17. Nb5 Ra2 18. Bd1 Qa5 19. Qb3 Nc5 20. Qe3 b6
21. Nc3 Be6 22. Qd4 f6 23. Bh6 Ra3 24. Bxf8 Kxf8 25. Qxf6+ Bf7 26. Nb5 Rd3 27.
Bg4 Qd2 28. Nc7 Nxe4 29. Qh8+ Ke7 30. Qe5+ Kd8 31. Qxe4 Kxc7 32. Qe7+ Rd7 33.
Bxd7 Qxd7 34. Qe4 1-0

[Event "NÃ– Landesliga 2016/2017"]
[Site "?"]
[Date "2017.01.29"]
[Round "6.3"]
[White "Eder, Andreas"]
[Black "Winiwarter, Felix"]
[Result "1-0"]
[WhiteElo "2063"]
[BlackElo "2057"]
[PlyCount "105"]
[EventDate "2017.??.??"]

1. d4 Nf6 2. Bf4 g6 3. e3 Bg7 4. Nf3 d6 5. c3 Nh5 6. Bg5 h6 7. Bh4 g5 8. Nfd2
Nf6 9. Bg3 Nbd7 10. h4 e5 11. hxg5 hxg5 12. Rxh8+ Bxh8 13. Bc4 Qe7 14. dxe5
Nxe5 15. Bxe5 dxe5 16. Nf3 Ne4 17. Bxf7+ Qxf7 18. Qa4+ Bd7 19. Qxe4 O-O-O 20.
Nbd2 Bf5 21. Qa4 a6 22. e4 Bd7 23. Qc4 Qf6 24. Qc5 b6 25. Qe3 g4 26. Ng1 Bg7
27. O-O-O Bh6 28. Qe2 Bb5 29. Qxg4+ Kb7 30. Nh3 Qd6 31. f4 exf4 32. Qf3 Qe5 33.
Nf2 Bg5 34. Kc2 Ka7 35. Nc4 Qe6 36. Rxd8 Bxd8 37. Na3 Ba4+ 38. b3 Be7 39. Nb1
Bc5 40. Nd3 Bd6 41. bxa4 Qxa2+ 42. Nb2 Qf7 43. g3 Qh7 44. gxf4 Qh2+ 45. Nd2
Bxf4 46. Qd3 Qh6 47. Nbc4 b5 48. Qd4+ Kb7 49. axb5 axb5 50. Qd5+ c6 51. Qd7+
Kb8 52. Qd8+ Kb7 53. Qb6+ 1-0

[Event "NÃ– Landesliga 2016/2017"]
[Site "?"]
[Date "2017.01.29"]
[Round "6.4"]
[White "Woeber, Friedrich"]
[Black "Poell, Markus"]
[Result "1/2-1/2"]
[WhiteElo "2123"]
[BlackElo "2076"]
[PlyCount "60"]
[EventDate "2017.??.??"]

1. e4 c6 2. d4 d5 3. exd5 cxd5 4. Bd3 Nc6 5. c3 Qc7 6. Ne2 Bg4 7. O-O Nf6 8.
Qc2 e5 9. dxe5 Nxe5 10. Bb5+ Nfd7 11. h3 Be6 12. f4 Bc5+ 13. Kh1 Ng4 14. hxg4
Bxg4 15. Qd3 Qb6 16. f5 O-O-O 17. Bxd7+ Rxd7 18. Nd4 Re8 19. b4 Bd6 20. Nd2 Bf4
21. N2f3 Qh6+ 22. Kg1 Bxc1 23. Raxc1 Re3 24. Qb5 Bxf3 25. Qc5+ Rc7 26. Qf8+ Kd7
27. Nxf3 Rxf3 28. gxf3 Qe3+ 29. Kg2 Qg5+ 30. Kf2 Qd2+ 1/2-1/2

[Event "NÖ– Landesliga 2016/2017"]
[Site "?"]
[Date "2017.01.29"]
[Round "6.4"]
[White "Lovrinovic, Christian"]
[Black "GrÃ¶tz, Harald"]
[Result "1/2-1/2"]
[WhiteElo "2157"]
[BlackElo "2272"]
[PlyCount "98"]
[EventDate "2016.10.02"]

1. d4 Nf6 2. c4 g6 3. Nc3 Bg7 4. e4 d6 5. Nf3 O-O 6. Be2 e5 7. O-O Na6 8. Be3
Ng4 9. Bg5 f6 10. Bc1 Qe8 11. h3 Nh6 12. dxe5 dxe5 13. Be3 c6 14. c5 Nc7 15. b4
Nf7 16. Bc4 Kh8 17. Re1 Ne6 18. Qb3 f5 19. exf5 gxf5 20. Rad1 Qe7 21. Ne2 Neg5
22. Nxg5 Nxg5 23. Bc1 Ne4 24. Ng3 Nxg3 25. Qxg3 f4 26. Qf3 Be6 27. Bxe6 Qxe6
28. a3 Rae8 29. Re4 Qf5 30. Bb2 Rd8 31. Rxd8 Rxd8 32. Qe2 Rd5 33. Kh2 h6 34.
Bc3 Kh7 35. Bb2 Rd2 36. Qxd2 Qxe4 37. f3 Qf5 38. Qe2 Kg6 39. Qe4 Bf6 40. Kg1 a5
41. Kf1 Qxe4 42. fxe4 axb4 43. axb4 Kf7 44. Ke2 Ke6 45. Bc3 Bd8 46. Kf3 h5 47.
Ke2 b6 48. cxb6 Bxb6 49. Kd3 Bf2 1/2-1/2

[Event "NÖ– Landesliga 2016/2017"]
[Site "?"]
[Date "2017.01.29"]
[Round "6.4"]
[White "Piringer, Florian"]
[Black "Danner, Lambert"]
[Result "1-0"]
[WhiteElo "2166"]
[BlackElo "2086"]
[PlyCount "117"]
[EventDate "2016.10.02"]

1. d4 f5 2. g3 Nf6 3. Bg2 d6 4. Bg5 Nbd7 5. Nd2 c6 6. c3 e5 7. Qb3 d5 8. dxe5
Nxe5 9. Ngf3 Bd6 10. O-O Qe7 11. c4 Nxc4 12. Nxc4 dxc4 13. Qxc4 Be6 14. Qc2 h6
15. Bxf6 Qxf6 16. Rfd1 Rd8 17. Nd4 O-O 18. Nxe6 Qxe6 19. e3 Be7 20. Bf1 Kh8 21.
Bc4 Qe5 22. b3 Bb4 23. Rxd8 Rxd8 24. Rd1 Rxd1+ 25. Qxd1 Bd6 26. Qh5 Qf6 27. Bd3
Kh7 28. Bxf5+ g6 29. Bd3 Kg7 30. Qg4 Bc5 31. h4 h5 32. Qe4 a5 33. Qe8 Bb4 34.
Kf1 Qa1+ 35. Kg2 Qf6 36. Kf1 Qa1+ 37. Kg2 Qf6 38. Qd7+ Qf7 39. Qd4+ Qf6 40. Qe4
Kf7 41. Bc2 Be1 42. f4 Bb4 43. Qd3 Qd6 44. Qxd6 Bxd6 45. g4 Bb4 46. Bd1 hxg4
47. Bxg4 Bd2 48. Kf3 Kf6 49. Bc8 b6 50. Bd7 Be1 51. Kg4 c5 52. Bb5 Bd2 53. Kf3
Be1 54. Kg4 Bd2 55. e4 Be3 56. a4 Bd2 57. Be8 Be3 58. e5+ Kg7 59. Kg5 1-0

[Event "NÖ– Landesliga 2016/2017"]
[Site "?"]
[Date "2017.01.29"]
[Round "6.4"]
[White "Strobel, Ferdinand"]
[Black "Schirmbeck, Hannes"]
[Result "0-1"]
[WhiteElo "2037"]
[BlackElo "2163"]
[PlyCount "66"]
[EventDate "2016.10.02"]

1. f4 c5 2. Nf3 Nc6 3. g3 Nf6 4. d3 d5 5. Bg2 Qa5+ 6. c3 e6 7. O-O Be7 8. Qe1
O-O 9. e4 dxe4 10. dxe4 b5 11. b3 Bb7 12. h3 Rad8 13. Qe2 Rd7 14. Ne5 Nxe5 15.
fxe5 Ne8 16. Bf4 Qc7 17. h4 Qc6 18. Nd2 Nc7 19. Rfd1 Rfd8 20. Nf1 c4 21. Rxd7
Rxd7 22. bxc4 bxc4 23. Rd1 Rxd1 24. Qxd1 Nb5 25. Qd2 f5 26. exf6 Bxf6 27. e5
Qxg2+ 28. Qxg2 Bxg2 29. exf6 Bxf1 30. Kxf1 Nxc3 31. fxg7 Nxa2 32. Ke2 Kxg7 33.
Be3 a6 0-1

[Event "NÖ– Landesliga 2016/2017"]
[Site "?"]
[Date "2017.01.29"]
[Round "6.4"]
[White "Riegler, Rene"]
[Black "Neumann, Christian"]
[Result "1/2-1/2"]
[WhiteElo "2017"]
[BlackElo "1997"]
[PlyCount "46"]
[EventDate "2016.10.02"]

1. e4 c6 2. d4 d5 3. exd5 cxd5 4. c4 Nf6 5. Nc3 g6 6. cxd5 Bg7 7. Bb5+ Bd7 8.
Bc4 O-O 9. Bf4 Nh5 10. Be5 f6 11. Bg3 Nxg3 12. hxg3 Qc7 13. Bb3 Qd6 14. Qd2 a5
15. Nge2 a4 16. Bc2 Na6 17. Nf4 Nc7 18. Qe2 f5 19. Rd1 b5 20. a3 b4 21. axb4
Qxb4 22. Nd3 Qxd4 23. O-O Bf6 1/2-1/2

[Event "NÖ– Landesliga 2016/2017"]
[Site "?"]
[Date "2017.01.29"]
[Round "6.5"]
[White "Sandhoefner, Florian"]
[Black "Gasa, Andrej"]
[Result "1/2-1/2"]
[WhiteElo "2251"]
[BlackElo "2284"]
[PlyCount "39"]
[EventDate "2016.10.02"]

1. d4 Nf6 2. c4 e6 3. Nc3 d5 4. cxd5 exd5 5. Bg5 Be7 6. e3 Nbd7 7. Nf3 O-O 8.
Bd3 Re8 9. O-O Nf8 10. Qc2 c6 11. Rab1 g6 12. b4 Ne6 13. Bh4 a5 14. b5 c5 15.
dxc5 Nxc5 16. Nd4 Nxd3 17. Qxd3 Be6 18. Rfc1 Nd7 19. Bxe7 Qxe7 20. Nxe6 1/2-1/2

[Event "NÖ– Landesliga 2016/2017"]
[Site "?"]
[Date "2017.01.29"]
[Round "6.5"]
[White "Hofmann, Thomas"]
[Black "Rumpl, Erwin"]
[Result "1-0"]
[WhiteElo "2260"]
[BlackElo "2318"]
[PlyCount "45"]
[EventDate "2016.10.02"]

1. d4 b6 2. c4 Bb7 3. Nc3 g6 4. e4 Bg7 5. Be3 d6 6. Be2 c5 7. d5 Nf6 8. Qd2 h5
9. f3 Nbd7 10. Nh3 Ne5 11. O-O Bc8 12. Nf2 Qc7 13. h3 h4 14. f4 Ned7 15. Nb5
Qb8 16. e5 dxe5 17. d6 exd6 18. Nxd6+ Ke7 19. Rad1 a6 20. fxe5 Nxe5 21. Bg5 Rd8
22. Nfe4 Bf5 23. Qd5 1-0

[Event "NÖ– Landesliga 2016/2017"]
[Site "?"]
[Date "2017.01.29"]
[Round "6.5"]
[White "Mayer, Josef"]
[Black "Wadsack, Winfried"]
[Result "1-0"]
[WhiteElo "2092"]
[BlackElo "2158"]
[PlyCount "107"]
[EventDate "2016.10.02"]

1. c4 e5 2. Nc3 Nf6 3. Nf3 Nc6 4. g3 Bb4 5. Nd5 O-O 6. Bg2 d6 7. O-O Bf5 8. d3
h6 9. a3 Bc5 10. b4 Bd4 11. Nxd4 exd4 12. b5 Nxd5 13. Bxd5 Na5 14. Qa4 c6 15.
Bf3 a6 16. b6 Qxb6 17. Bd2 Nb3 18. Rab1 Nc5 19. Rxb6 Nxa4 20. Rxb7 Rfc8 21. Bf4
Nc5 22. Rb2 Ra7 23. Bxd6 Ne6 24. Rfb1 Rd7 25. Rb8 Rxb8 26. Rxb8+ Kh7 27. c5 Nd8
28. g4 Be6 29. h3 Kg6 30. Kg2 f5 31. Kg3 Kf6 32. Ra8 fxg4 33. hxg4 a5 34. Rxa5
Nb7 35. Ra6 Nxd6 36. cxd6 Bd5 37. Bxd5 cxd5 38. f4 g6 39. Ra4 Rxd6 40. Rxd4 Ke6
41. e4 Ra6 42. f5+ gxf5 43. gxf5+ Kf6 44. Rxd5 Rxa3 45. Kf4 Ra1 46. Rd6+ Kg7
47. Ke5 h5 48. Rg6+ Kh7 49. Rg2 Kh6 50. f6 h4 51. f7 Rf1 52. Ke6 h3 53. Rg8 h2
54. f8=Q+ 1-0

[Event "NÃ– Landesliga 2016/2017"]
[Site "?"]
[Date "2017.02.19"]
[Round "7.1"]
[White "Vrana, Frantisek"]
[Black "Kranzl, Peter"]
[Result "1-0"]
[WhiteElo "2200"]
[BlackElo "2162"]
[PlyCount "99"]
[EventDate "2016.10.02"]

1. d4 Nf6 2. Nf3 g6 3. c4 c5 4. Nc3 cxd4 5. Nxd4 Bg7 6. e4 d6 7. Be2 Nc6 8. Be3
Bd7 9. O-O O-O 10. f3 a6 11. Qd2 Rc8 12. Rac1 Nxd4 13. Bxd4 Be6 14. Na4 Nd7 15.
Bf2 Rc6 16. b3 Qb8 17. Nc3 Rfc8 18. Nd5 Bxd5 19. cxd5 Rc3 20. Bc4 Rxc1 21. Rxc1
Rc7 22. Bd3 Qc8 23. Rxc7 Qxc7 24. Qc2 Qxc2 25. Bxc2 Kf8 26. Kf1 Bc3 27. Ke2 Nc5
28. g4 b6 29. f4 a5 30. Bd3 Ke8 31. Bb5+ Kf8 32. Kf3 Bb2 33. Be3 Bc3 34. h3 Kg8
35. Bf2 Kf8 36. Bh4 Bb2 37. Bg3 Bc3 38. e5 f6 39. e6 Bd4 40. Be1 Bb2 41. Bd2
Bd4 42. h4 Bb2 43. f5 Kg7 44. Ke3 Be5 45. Be1 gxf5 46. gxf5 Bb2 47. Kf3 Bd4 48.
Bd2 Be5 49. Be3 Bc3 50. Kg4 1-0

[Event "NÃ– Landesliga 2016/2017"]
[Site "?"]
[Date "2017.02.19"]
[Round "7.1"]
[White "Lovrinovic, Christian"]
[Black "Hofmann, Thomas"]
[Result "1/2-1/2"]
[WhiteElo "2157"]
[BlackElo "2260"]
[PlyCount "80"]
[EventDate "2016.10.02"]

1. d4 Nf6 2. c4 e6 3. Nc3 d5 4. cxd5 exd5 5. Bg5 Be7 6. e3 Nbd7 7. Bd3 c6 8.
Qc2 Nh5 9. Bxe7 Qxe7 10. Nge2 g6 11. h3 Nb6 12. O-O-O Ng7 13. Ng3 Be6 14. Kb1
O-O-O 15. Na4 Kb8 16. Rc1 Bc8 17. Nc5 Ne6 18. Nb3 h5 19. Ne2 Ng5 20. Rhe1 Ne4
21. Ng1 Rhe8 22. Nf3 Nd7 23. Ka1 Qd6 24. Nc5 Nef6 25. Nxd7+ Nxd7 26. g3 Re7 27.
Qb3 b6 28. Qa4 Bb7 29. Rc3 Rc8 30. Ra3 a5 31. Rc1 Kc7 32. Qb3 Rh8 33. h4 Kd8
34. Ne5 b5 35. Nxd7 Rxd7 36. Rc5 Qb8 37. Qd1 a4 38. Qd2 Ke7 39. Qb4 Kf6 40.
Rac3 Qd8 1/2-1/2

[Event "NÃ– Landesliga 2016/2017"]
[Site "?"]
[Date "2017.02.19"]
[Round "7.1"]
[White "Gasa, Andrej"]
[Black "Ebner, Johann"]
[Result "1/2-1/2"]
[WhiteElo "2284"]
[BlackElo "2064"]
[PlyCount "97"]
[EventDate "2016.10.02"]

1. e4 e6 2. d4 d5 3. e5 c5 4. c3 Nc6 5. Nf3 Qb6 6. a3 Nh6 7. b4 cxd4 8. cxd4
Nf5 9. Bb2 Bd7 10. g4 Nh6 11. h3 f6 12. exf6 gxf6 13. Nc3 Nf7 14. Be2 Rc8 15.
Na4 Qd8 16. Nc5 b6 17. Nxd7 Qxd7 18. Rc1 Nd6 19. g5 f5 20. b5 Na5 21. Ne5 Rxc1
22. Bh5+ Kd8 23. Bxc1 Qxb5 24. Bf7 Bg7 25. g6 Nac4 26. a4 Qb4+ 27. Kf1 Nxe5 28.
dxe5 Qc4+ 29. Kg1 Nxf7 30. gxf7 Rf8 31. Ba3 Rxf7 32. Qh5 Rd7 33. Bd6 Qc1+ 34.
Kg2 Qh6 35. Qf3 Bf8 36. Bb8 Rb7 37. Bd6 Bxd6 38. exd6 Rg7+ 39. Kh2 Qg6 40. a5
Qf6 41. Re1 Kd7 42. axb6 axb6 43. Qa3 Qd4 44. Qa7+ Kxd6 45. Qb8+ Rc7 46. Qd8+
Rd7 47. Qb8+ Rc7 48. Qd8+ Rd7 49. Qf8+ 1/2-1/2

[Event "NÃ– Landesliga 2016/2017"]
[Site "?"]
[Date "2017.02.19"]
[Round "7.1"]
[White "Danner, Lambert"]
[Black "Teuber, Andreas"]
[Result "1/2-1/2"]
[WhiteElo "2086"]
[BlackElo "2167"]
[PlyCount "34"]
[EventDate "2016.10.02"]

1. g3 d5 2. c4 e6 3. Bg2 Nf6 4. Nf3 Be7 5. O-O O-O 6. d4 dxc4 7. Ne5 c5 8. dxc5
Qc7 9. Nxc4 Qxc5 10. b3 Nc6 11. Ba3 Nb4 12. Qd2 Rd8 13. Bxb4 Qxb4 14. Qxb4 Bxb4
15. a3 Bc5 16. b4 Be7 17. Nc3 Nd5 1/2-1/2

[Event "NÃ– Landesliga 2016/2017"]
[Site "?"]
[Date "2017.02.19"]
[Round "7.2"]
[White "GrÃ¶tz, Harald"]
[Black "Knoll, Hermann"]
[Result "1-0"]
[WhiteElo "2272"]
[BlackElo "2341"]
[PlyCount "57"]
[EventDate "2016.10.02"]

1. Nf3 d5 2. g3 Nf6 3. Bg2 c6 4. O-O Bf5 5. b3 h6 6. Bb2 e6 7. d4 Be7 8. c4 O-O
9. Nbd2 a5 10. a3 Nbd7 11. Ne5 Bh7 12. Re1 c5 13. cxd5 exd5 14. Nxd7 Qxd7 15.
dxc5 Bxc5 16. Bxf6 gxf6 17. Ne4 Be7 18. Nc3 d4 19. Nd5 Ra6 20. Qxd4 Kg7 21. Qb2
Bd8 22. Rad1 Qe6 23. Nf4 Qe5 24. Qc1 Be4 25. Bxe4 Qxe4 26. Rd5 Rc6 27. Rc5 Be7
28. Rxc6 Qxc6 29. Nh5+ 1-0

[Event "NÃ– Landesliga 2016/2017"]
[Site "?"]
[Date "2017.02.19"]
[Round "7.2"]
[White "Poell, Markus"]
[Black "Schmid, Thomas"]
[Result "1-0"]
[WhiteElo "2103"]
[BlackElo "2110"]
[PlyCount "141"]
[EventDate "2016.10.02"]

1. d4 Nf6 2. Bf4 g6 3. e3 Bg7 4. Nf3 O-O 5. Be2 c5 6. c3 b6 7. Qa4 d6 8. h3 Bb7
9. Nbd2 Nbd7 10. O-O a6 11. Bh2 b5 12. Qb3 Bc6 13. Rfd1 Qb6 14. Rdc1 a5 15. Qc2
Qb7 16. b3 Ne4 17. Bxb5 Qxb5 18. Nxe4 Qb7 19. Ned2 f5 20. Qd1 h6 21. Ne1 g5 22.
Ndf3 Bf6 23. Nd3 Rad8 24. Qe2 Rf7 25. Rab1 Rdf8 26. dxc5 e5 27. Nfe1 dxc5 28.
b4 f4 29. Nxc5 Nxc5 30. bxc5 Qa8 31. Rb6 Bd8 32. Rb2 Be7 33. exf4 Bxc5 34. Rcb1
exf4 35. Qe5 Qa7 36. Qe6 Qa8 37. Qxh6 Rg7 38. Qe6+ Rgf7 39. Qe5 Rf5 40. Qe6+
Kg7 41. Nf3 R8f6 42. Qe2 Bxf3 43. gxf3 Qc6 44. Qe4 Kg6 45. Rb8 Re6 46. Qd3 Qd5
47. Qxd5 Rxd5 48. R8b2 Red6 49. h4 Kf5 50. hxg5 Rg6 51. Kf1 a4 52. Rb5 Rgd6 53.
Re1 Bb6 54. Rxd5+ Rxd5 55. Re4 Bc7 56. g6 Rd7 57. Rxa4 Rg7 58. Ra6 Be5 59. c4
Rc7 60. Ra4 Kxg6 61. c5 Kf5 62. Rc4 Rc6 63. Ke2 Bd6 64. Kd3 Rxc5 65. Rxc5+ Bxc5
66. Ke2 Ba3 67. Kf1 Ke5 68. Kg2 Kf5 69. Kh3 Kg5 70. Bg3 Kf5 71. Bh4 1-0

[Event "NÃ– Landesliga 2016/2017"]
[Site "?"]
[Date "2017.02.19"]
[Round "7.2"]
[White "Piringer, Florian"]
[Black "Eder, Andreas"]
[Result "0-1"]
[WhiteElo "2166"]
[BlackElo "2057"]
[PlyCount "88"]
[EventDate "2016.10.02"]

1. e4 Nc6 2. Nf3 f5 3. e5 d6 4. exd6 cxd6 5. d4 e6 6. Be2 Nf6 7. O-O d5 8. Bf4
Bd6 9. Bxd6 Qxd6 10. Re1 O-O 11. c3 Bd7 12. Bb5 Nb8 13. Qe2 Ne4 14. Ne5 Bxb5
15. Qxb5 Nc6 16. f3 Nxe5 17. fxe4 Ng4 18. e5 Qe7 19. Nd2 Qh4 20. Nf3 Qf2+ 21.
Kh1 a6 22. Qb3 Ne3 23. Rg1 b5 24. Rae1 f4 25. a4 Rf5 26. axb5 Rh5 27. Rxe3 fxe3
28. bxa6 Rf8 29. a7 Rxf3 30. a8=Q+ Rf8 31. Qxf8+ Kxf8 32. Qb8+ Kf7 33. Qc7+ Kg6
34. h3 e2 35. Qe7 Qxg1+ 36. Kxg1 e1=Q+ 37. Kh2 Rf5 38. Qxe6+ Kg5 39. Qe7+ Kh6
40. h4 Qe4 41. b4 Qf4+ 42. Kh3 Kh5 43. e6 Rf6 44. Qe8+ Rg6 0-1

[Event "NÃ– Landesliga 2016/2017"]
[Site "?"]
[Date "2017.02.19"]
[Round "7.3"]
[White "Kleiser, Gregor"]
[Black "Reinwald, Patrick"]
[Result "1-0"]
[WhiteElo "2252"]
[BlackElo "2140"]
[PlyCount "68"]
[EventDate "2016.10.02"]

1. d4 Nf6 2. c4 e6 3. Nf3 Bb4+ 4. Bd2 Qe7 5. e3 O-O 6. Be2 b6 7. O-O Bb7 8. a3
Bxd2 9. Nbxd2 d6 10. b4 Nbd7 11. Rb1 a5 12. c5 axb4 13. cxd6 cxd6 14. axb4 Rfc8
15. Qb3 Bd5 16. Qd3 e5 17. e4 Bb7 18. d5 Ba6 19. b5 Nc5 20. Qe3 Bb7 21. Rfc1
Rcb8 22. Ne1 Ra4 23. f3 Nh5 24. Nc2 Nf4 25. Kh1 Rba8 26. Bf1 f5 27. Nc4 fxe4
28. fxe4 Nxe4 29. Nxb6 Qg5 30. Nxa4 Bxd5 31. Nc3 Nxc3 32. Ne1 Nxb1 33. Rxb1 Ra2
34. Rd1 Bb7 1-0

[Event "NÃ– Landesliga 2016/2017"]
[Site "?"]
[Date "2017.02.19"]
[Round "7.3"]
[White "Sulzgruber, Robin"]
[Black "Woeber, Friedrich"]
[Result "1-0"]
[WhiteElo "2195"]
[BlackElo "2116"]
[Annotator "Reinwald,Patrick"]
[PlyCount "143"]
[EventDate "2016.10.02"]

1. e4 e5 2. Nc3 Nc6 3. Bc4 Nf6 4. d3 Bb4 5. Nge2 d5 6. exd5 Nxd5 7. O-O Be6 8.
Nxd5 Bxd5 9. Bxd5 Qxd5 10. f4 O-O-O 11. fxe5 Bc5+ 12. Kh1 Nxe5 13. Nc3 Qd7 14.
Ne4 Be7 15. Be3 f5 16. Nc3 Kb8 17. a4 Ng4 18. Bg1 a6 19. Qf3 g6 20. a5 Bf6 21.
Ra3 Bxc3 22. Rxc3 Qd5 {(=)} 23. Qf4 Qd6 24. Qa4 Rhe8 25. d4 f4 26. Rcf3 g5 27.
c4 Re2 28. Qb3 Ne3 29. Bxe3 Rxe3 30. Rxe3 fxe3 31. Qxe3 Qxd4 32. Qxg5 Qd3 33.
Rg1 Rd6 34. Qg8+ Rd8 35. Qg5 Rd6 36. Qg8+ Rd8 37. Qe6 Rd6 38. Qe8+ Rd8 39. Qf7
Rd7 40. Qh5 Rd6 41. Qc5 Qd4 42. Qxd4 Rxd4 43. Rc1 c5 44. h3 h5 45. Rc3 h4 46.
b3 Rd1+ 47. Kh2 Ra1 48. g3 Ra2+ 49. Kg1 hxg3 50. Rxg3 Rxa5 51. h4 Ra1+ 52. Kg2
Re1 53. h5 Re6 54. Rh3 Rh6 55. Kf3 b5 56. Kf4 Kc7 57. Kg5 Rh8 58. h6 Kb6 59.
Kg6 Ka5 60. Rh4 Rd8 61. h7 Rd6+ 62. Kf5 Rd8 63. h8=Q Rxh8 64. Rxh8 Kb4 65. Rb8
Kxb3 66. cxb5 axb5 67. Rxb5+ Kc4 68. Rb8 Kd3 69. Kf4 c4 70. Kf3 c3 71. Rd8+ Kc2
72. Ke2 1-0

[Event "NÃ– Landesliga 2016/2017"]
[Site "?"]
[Date "2017.02.19"]
[Round "7.3"]
[White "Winiwarter, Felix"]
[Black "Schmidrathner, Christian"]
[Result "1-0"]
[WhiteElo "2101"]
[BlackElo "2083"]
[PlyCount "35"]
[EventDate "2016.10.02"]

1. d4 Nf6 2. c4 c5 3. d5 b5 4. Nf3 bxc4 5. Nc3 d6 6. e4 Nbd7 7. Bxc4 Rb8 8. O-O
g6 9. Qe2 Ng4 10. h3 Nge5 11. Nxe5 Nxe5 12. Bb5+ Bd7 13. f4 Bxb5 14. Nxb5 Qa5
15. fxe5 Qxb5 16. Qf3 Kd8 17. exd6 exd6 18. Qf6+ 1-0

[Event "NÃ– Landesliga 2016/2017"]
[Site "?"]
[Date "2017.02.19"]
[Round "7.3"]
[White "Pammer, Andreas"]
[Black "Schmidt, Karl"]
[Result "1-0"]
[WhiteElo "2101"]
[BlackElo "2018"]
[PlyCount "81"]
[EventDate "2016.10.02"]

1. c4 e5 2. Nc3 Nf6 3. Nf3 Nc6 4. g3 Bc5 5. Nxe5 Nxe5 6. d4 Qe7 7. dxe5 Qxe5 8.
Bg2 c6 9. O-O O-O 10. Bf4 Qe7 11. a3 a5 12. Na4 Nh5 13. Bd2 Bd6 14. Bc3 Be5 15.
Bxe5 Qxe5 16. e4 Nf6 17. f4 Qc7 18. e5 Ne8 19. c5 Ra6 20. Qd4 Qd8 21. Rfd1 Nc7
22. Bf1 Ne6 23. Qe3 Ra8 24. Nb6 Ra7 25. Rd6 Re8 26. Rad1 Qe7 27. Nxc8 Rxc8 28.
Rxd7 Qf8 29. Bc4 Re8 30. R1d6 Nd8 31. Qd4 Ra8 32. Kg2 Rb8 33. f5 h6 34. g4 b5
35. cxb6 c5 36. Qd5 Ne6 37. fxe6 fxe6 38. Rxe6 Kh8 39. Qf3 Qxf3+ 40. Kxf3 Rxe6
41. Bxe6 1-0

[Event "NÃ– Landesliga 2016/2017"]
[Site "?"]
[Date "2017.02.19"]
[Round "7.4"]
[White "Lendwai, Reinhard"]
[Black "Dittel, Herbert"]
[Result "1-0"]
[WhiteElo "2383"]
[BlackElo "2068"]
[PlyCount "77"]
[EventDate "2016.10.02"]

1. c4 e5 2. Nc3 Nc6 3. g3 d6 4. Bg2 Be6 5. d3 Qd7 6. Rb1 g6 7. b4 Bg7 8. b5 Nd8
9. a4 Ne7 10. Nd5 O-O 11. Qb3 c6 12. Nxe7+ Qxe7 13. Nf3 h6 14. O-O Qd7 15. Ba3
Re8 16. bxc6 bxc6 17. Qb4 Bf8 18. c5 dxc5 19. Qc3 f6 20. Bxc5 Bh3 21. Bxf8 Bxg2
22. Kxg2 Kxf8 23. Rfc1 Kg7 24. a5 Rc8 25. a6 Rc7 26. Rb8 Re7 27. Rcb1 c5 28.
Qc4 Rf7 29. R1b5 Qd6 30. Kg1 Ne6 31. R5b7 Nd8 32. Rxc7 Rxc7 33. Nh4 f5 34. Nxg6
Kxg6 35. Qg8+ Rg7 36. Rxd8 Qxa6 37. Qe8+ Rf7 38. Qxe5 Qb5 39. Rg8+ 1-0

[Event "NÃ– Landesliga 2016/2017"]
[Site "?"]
[Date "2017.02.19"]
[Round "7.4"]
[White "Haas, Bernhard"]
[Black "Trippold, Denise"]
[Result "0-1"]
[WhiteElo "2013"]
[BlackElo "2066"]
[PlyCount "58"]
[EventDate "2016.10.02"]

1. d4 Nf6 2. c4 e6 3. g3 c5 4. d5 exd5 5. cxd5 d6 6. Nc3 g6 7. Bg2 Bg7 8. Nf3
O-O 9. O-O Re8 10. Nd2 a6 11. a4 Nbd7 12. Nc4 Ne5 13. Na3 Nh5 14. e4 f5 15. h3
b5 16. axb5 axb5 17. Ncxb5 Ba6 18. Be3 fxe4 19. Bxe4 Bxb5 20. Nxb5 Rxa1 21.
Qxa1 Nc4 22. Bd3 Nxe3 23. fxe3 Rxe3 24. Qa7 Rxg3+ 25. Kh2 Rxd3 26. Qf7+ Kh8 27.
Nc7 Rd2+ 28. Kh1 Ng3+ 29. Kg1 Bd4+ 0-1

[Event "NÃ– Landesliga 2016/2017"]
[Site "?"]
[Date "2017.02.19"]
[Round "7.4"]
[White "Hofegger, Jakob"]
[Black "Somasundram, Jayakumar"]
[Result "1-0"]
[WhiteElo "2069"]
[BlackElo "1860"]
[PlyCount "59"]
[EventDate "2016.10.02"]

1. Nf3 c5 2. g3 Nc6 3. Bg2 e5 4. d3 g6 5. O-O Bg7 6. e4 Nge7 7. c3 O-O 8. a3 d5
9. b4 dxe4 10. dxe4 Qxd1 11. Rxd1 cxb4 12. axb4 f5 13. b5 fxe4 14. Ng5 Rd8 15.
Rxd8+ Nxd8 16. Be3 Bf5 17. c4 Nf7 18. Nxf7 Kxf7 19. Nd2 a5 20. Nxe4 Rd8 21. c5
Bxe4 22. Bxe4 Nf5 23. Bxf5 gxf5 24. Rxa5 Ke6 25. Ra7 Rd7 26. Kf1 Bf6 27. Ke2
Be7 28. h3 Kd5 29. c6 bxc6 30. Rxd7+ 1-0

[Event "NÃ– Landesliga 2016/2017"]
[Site "?"]
[Date "2017.02.19"]
[Round "7.4"]
[White "Busuioc, Alexandra"]
[Black "Rudolf, Herbert"]
[Result "0-1"]
[WhiteElo "1950"]
[BlackElo "2110"]
[PlyCount "48"]
[EventDate "2016.10.02"]

1. e4 d5 2. exd5 Nf6 3. Bb5+ Nbd7 4. Nc3 a6 5. Bxd7+ Qxd7 6. Qf3 b5 7. d6 c6 8.
dxe7 Bxe7 9. Nge2 Bb7 10. Ne4 Nxe4 11. Qxe4 c5 12. Qe5 O-O-O 13. O-O Bd6 14.
Qc3 Rhe8 15. Ng3 Qc6 16. f3 Be5 17. Qa3 g5 18. Ne4 Bd4+ 19. Nf2 g4 20. Qb3 c4
21. Qa3 gxf3 22. Qxf3 Qxf3 23. gxf3 Rg8+ 24. Kh1 Bxf3# 0-1

[Event "NÃ– Landesliga 2016/2017"]
[Site "?"]
[Date "2017.02.19"]
[Round "7.5"]
[White "Wagner, Stefan"]
[Black "Vyskocil, Neklan"]
[Result "0-1"]
[WhiteElo "2156"]
[BlackElo "2323"]
[PlyCount "62"]
[EventDate "2016.10.02"]

1. c4 Nf6 2. g3 e5 3. Bg2 c6 4. d4 exd4 5. Qxd4 d5 6. cxd5 cxd5 7. Nf3 Nc6 8.
Qa4 Bc5 9. O-O O-O 10. Nc3 h6 11. a3 Be6 12. b4 Bb6 13. Bb2 Rc8 14. Nb5 Ne4 15.
Rac1 Qd7 16. Nc3 a6 17. e3 Rfd8 18. Qd1 Qe7 19. Ne2 Bg4 20. Qd3 Bf5 21. Nfd4
Nxd4 22. Nxd4 Bg6 23. Qe2 Qd7 24. Rfd1 Rxc1 25. Rxc1 Rc8 26. Qd1 Rc7 27. Bf3
Rxc1 28. Qxc1 Ng5 29. Bg2 Be4 30. Bxe4 dxe4 31. Qc4 Bxd4 0-1

[Event "NÃ– Landesliga 2016/2017"]
[Site "?"]
[Date "2017.02.19"]
[Round "7.5"]
[White "Buchnicek, Petr"]
[Black "Plasil, Jiri"]
[Result "1-0"]
[WhiteElo "2310"]
[BlackElo "2065"]
[PlyCount "78"]
[EventDate "2016.10.02"]

1. e4 d5 2. exd5 Qxd5 3. Nc3 Qa5 4. d4 Nf6 5. Bc4 c6 6. Bd2 Qb6 7. Nf3 Bg4 8.
Bxf7+ Kxf7 9. Ne5+ Ke8 10. Nxg4 Qxd4 11. Nxf6+ exf6 12. O-O Kf7 13. Qe2 Na6 14.
Rfe1 Nc7 15. Be3 Qe5 16. Rad1 Qf5 17. Qc4+ Kg6 18. g4 Qc8 19. Qd3+ Kf7 20. Qd7+
Kg6 21. f4 h6 22. f5+ Kh7 23. Qf7 Rg8 24. Ne4 Kh8 25. Rd7 Nd5 26. Bxh6 Qe8 27.
Bd2 Qxf7 28. Rxf7 b5 29. b3 Bb4 30. c4 bxc4 31. bxc4 Bxd2 32. Nxd2 Nb6 33. Ree7
Rad8 34. Nf3 Nxc4 35. Rxa7 Rd3 36. Nh4 Rd2 37. Ng6+ Kh7 38. Nf8+ Kh6 39. h4 Ne5
1-0

[Event "NÃ– Landesliga 2016/2017"]
[Site "?"]
[Date "2017.02.19"]
[Round "7.5"]
[White "Popelka, Oldrich"]
[Black "Fiala, Vaclav"]
[Result "0-1"]
[WhiteElo "2171"]
[BlackElo "2260"]
[PlyCount "94"]
[EventDate "2016.10.02"]

1. c4 c6 2. d4 d5 3. cxd5 cxd5 4. Nc3 Nc6 5. Bf4 e5 6. Bxe5 Nxe5 7. dxe5 d4 8.
Nb1 Qb6 9. Nd2 Ne7 10. Ngf3 Nc6 11. g3 Be7 12. Bg2 O-O 13. O-O Be6 14. Qa4 Rfd8
15. Nc4 Qc5 16. Nd6 Bxd6 17. exd6 Rxd6 18. Rac1 Qb6 19. Ng5 Bd5 20. Qa3 Bxg2
21. Qxd6 Bxf1 22. Rxf1 h6 23. Nh3 Qxb2 24. Qc7 Re8 25. Nf4 a5 26. a4 Qb4 27.
Rc1 Qe7 28. Qb6 Rd8 29. Kf1 Rd7 30. Nd3 Qe4 31. f3 Qe3 32. Rc2 Re7 33. Nf4 Rd7
34. Qc5 Ne5 35. Kg2 Nc6 36. Qf5 Rd8 37. h4 Qb3 38. g4 Qxa4 39. g5 hxg5 40. hxg5
Ne7 41. Qe4 Qd7 42. g6 Nf5 43. gxf7+ Qxf7 44. Rc5 Rf8 45. Kf2 Nd6 46. Qe6 Qxe6
47. Nxe6 Ne4+ 0-1